| 000 | 00766nam a2200265Ia 4500 | ||
|---|---|---|---|
| 003 | OSt | ||
| 005 | 20220925201948.0 | ||
| 006 | a|||||r|||| 00| 0 | ||
| 007 | ta | ||
| 008 | 220923b |||||||| |||| 00| 0 eng d | ||
| 020 | _a0195632540 | ||
| 037 | _cGeneral Book | ||
| 040 |
_aRTL _cRTL _beng |
||
| 041 |
_2eng _aeng |
||
| 082 | _aY73.2.N9, N3/RR | ||
| 100 |
_aSingh K S _970919 |
||
| 245 | 0 | _aScheduled castes | |
| 260 |
_aDelhi _bOxford University Press _c1993 |
||
| 300 |
_axii, 1367p _ccm. |
||
| 490 | _aPeople of India National Series. V2. Anthropological Survey of India | ||
| 500 | _aBibliography: P 1351-1365 | ||
| 650 |
_aEthnology _935130 |
||
| 942 |
_hY73.2.N9, N3/RR _cGB _2CC |
||
| 999 |
_c541956 _d541956 |
||